Score 0/48 Timer 05:00
2 Plays Today
Hint Word % Correct
✪ ICE-, IRE-, THAI-LAND
99.1%
✪ DEN-MARK
97.4%
✪ GER-MANY
97.1%
✪ SINGA-PORE
97%
✪ HUN-GARY
96.7%
✪ ARGEN-TINA
95.7%
Thick, shaggy lion hairMANE
95.5%
Cooking fatLARD
95.2%
✪ GUATE-MALA
95.1%
✪ VATICAN -CITY
94.7%
Person with X and Y chromosome MALE
94.5%
Queen of ScotsMARY
94.5%
Clinton VP AlGORE
94.4%
✪ PALES-TINE
94.3%
SongbirdLARK
93.2%
✪ KAZAKH-, KYRGYZ-, PAKI-STAN
91.4%
Showing violence and bloodshedGORY
91.4%
With Colada a rum beveragePIÑA
91%
✪ MADAGA-SCAR
90.9%
Small breed of horsePONY
90.1%
Desire somethingWANT
89.6%
✪ KU-WAIT
89.2%
Type of coniferPINE
88.8%
Another term for GrandmaNANA
88.6%
Hint Word % Correct
Hollow Mediterranean flatbreadPITA
88.4%
Feeling of sorrow and compassion PITY
87.7%
One of Columbus' shipsNIÑA
87.7%
Two of a kindPAIR
87.6%
Quote author in footnoteCITE
87.4%
LOTR Galadriel actress BlanchettCATE
87.1%
Prolonged high-pitched cry WAIL
85.7%
Unleavened cornbreadPONE
85.2%
TSA airport security actionSCAN
85.2%
✪ BAH-RAIN
84.7%
Colonel, Major, Captain, e.g.RANK
84.4%
Railroad track steel barRAIL
84.1%
✪ SURI-NAME
84.1%
Tommy James 1968 song: ____ ____MONY
84%
Tirade, diatribeRANT
81.9%
✪ S-PAIN
81.9%
Partridge treePEAR
81.8%
An American to a BritYANK
80.4%
Baby doll talkMAMA
79.8%
Scorch the surfaceSEAR
79.5%
✪ GU-YANA
78.6%
Robinson, Dogg, or Berkus, e.g.NATE
78.2%
Former Tonight Show host JackPAAR
75.7%
Rosalind Russell's Auntie characterMAME
75.2%

Today's Daily Dose

Remove Ads.
Support Sporcle.
Get the best of Sporcle when you Go Orange. This ad-free experience offers more features, more stats, and more fun while also helping to support Sporcle. Thank you for becoming a member.

You're not logged in!

Compare scores with friends on all Sporcle quizzes.
OR
Log In

Show Comments

Extras

Top Quizzes Today


Score Distribution

Your Account Isn't Verified!

In order to create a playlist on Sporcle, you need to verify the email address you used during registration. Go to your Sporcle Settings to finish the process.

Report this User

Report this user for behavior that violates our Community Guidelines.

Details: